| 000 | 01038nam0a22002651 4500 | ||
|---|---|---|---|
| 001 | rc\4464972 | ||
| 005 | 20250612091651.0 | ||
| 021 |
_aRU _b[61-79690] |
||
| 035 | _a(NLR Aleph) 008593165 | ||
| 090 |
_a8656480 _c8656480 |
||
| 100 | _a20130416d1961 |||y0rusy50 ca | ||
| 101 | 0 | _arus | |
| 102 | _aRU | ||
| 105 | _ay z ||||| | ||
| 200 | 1 |
_aШкольный комсомол _e(Роль комсомольской организации в обществ.-полит. воспитании школьников) _fВсесоюз. о-во по распространению полит. и науч. знаний |
|
| 210 |
_aМосква _cЗнание _d1961 |
||
| 215 |
_a31 с. _d22 |
||
| 225 | 1 |
_a[Серия 11 _iПедагогика _v21] |
|
| 606 |
_aКомсомольские организации и их работа в школе _2psbo |
||
| 700 | 1 |
_aВульфов _bБ.З. _gБорис Зиновьевич |
|
| 801 | 0 |
_aRU _bNLR _gpsbo |
|
| 801 | 1 |
_aRU _bELAR _2rusmarc |
|
| 852 |
_aNLR _j61-6/10458 |
||
| 942 | _cBOOK | ||
| 980 | _aNB | ||